Städte mit "C" - Statistiken

Allgemein
  • Dieses Quiz wurde 63 mal gespielt
  • Das Durchschnittsergebnis liegt bei 15 aus 47
Antwortstatistiken
Land Stadt % Korrekt
Deutschland 🇩🇪 Chemnitz
82%
Australien 🌏 Canberra
76%
Marokko 🇲🇦 Casablanca
69%
Moldawien 🇲🇩 Chisinau
69%
Rumänien 🇷🇴 Chisinau
69%
Venezuela 🇻🇪 Caracas
67%
USA 🇺🇸 Chicago
63%
Sri Lanka Colombo
61%
Deutschland 🇩🇪 Coburg
59%
Wales 🏴󠁧󠁢󠁷󠁬󠁳󠁿 Cardiff
57%
Deutschland 🇩🇪 Celle
57%
Irland 🇮🇪 Cork
55%
Deutschland 🇩🇪 Cottbus
47%
Kanada 🍁 Calgary
41%
Sardinien Cagliari
39%
Kolumbien 🇨🇴 Cali
37%
Ukraine 🇺🇦 Charkiw
37%
Guinea 🇬🇳 Conakry
37%
Argentinien 🇦🇷 Cordoba
37%
Spanien 🇪🇸 Cordoba
37%
USA 🇺🇸 Charlotte
29%
Indien 🇮🇳 Chennai
29%
St. Lucia 🇱🇨 Castries
27%
China 🇨🇳 Chengdu
27%
USA 🇺🇸 Cincinnati
27%
Brasilien 🇧🇷 Curitiba
27%
USA 🇺🇸 Cleveland
22%
Italien 🇮🇹 Como
20%
Deutschland 🇩🇪 Cuxhaven
20%
Spanien 🇪🇸 Cadiz
18%
Frankreich 🇫🇷 Caen
18%
Deutschland 🇩🇪 Cloppenburg
18%
USA 🇺🇸 Columbus
18%
Mexiko 🇲🇽 Ciudad Juárez
10%
Brasilien 🇧🇷 Campinas
8%
Slowenien 🇸🇮 Celje
8%
Peru 🇵🇪 Cusco
8%
Spanien 🇪🇸 Cartagena
6%
Deutschland 🇩🇪 Coswig
6%
Deutschland 🇩🇪 Crimmitschau
6%
Großbritannien 🇬🇧 Canterbury
4%
Frankreich 🇫🇷 Carcassonne
4%
Tschechien 🇨🇿 Cheb
4%
Polen 🇵🇱 Chorzow
4%
Polen 🇵🇱 Chełmno
0%
China Chifeng
0%
Deutschland 🇩🇪 Colditz
0%
Keine übereinstimmenden Quizze gefunden
Verteilung der Resultate
Anzahl Personen mit jedem Resultat
Perzentil nach korrekt beantworteten Fragen
Ihre Resultats-Entwicklung
Sie haben dieses Quiz noch nicht gespielt